| 000 | 00672 a2200217 4500 | ||
|---|---|---|---|
| 003 | UA-OsUOA | ||
| 005 | 20260305112757.0 | ||
| 008 | 260305b un ||||| |||| 00| 0 ukr d | ||
| 020 | _a9781405713 | ||
| 040 |
_bukr _cUA-OsUOA |
||
| 080 | _a82-4 | ||
| 090 |
_a82-4 _bТ36 |
||
| 245 |
_aТаке _cгол. ред. С. С. Скляр |
||
| 260 |
_aХарків _bКСД _c2010 |
||
| 300 | _a271 с. | ||
| 650 |
_a82-4 Нариси, есе _920373 |
||
| 700 | 1 |
_aСкляр О. О. _eред. _924275 |
|
| 942 |
_cBK _2udc |
||
| 955 | _a3 | ||
| 999 |
_c579983 _d579983 |
||